MARC

LEADER 00000nam0a2200000 4500
001 365836
005 20231102011825.0
035 |a (RuTPU)RU\TPU\retro\23199 
090 |a 365836 
100 |a 20220121d1979 km y0rusy50 ca 
101 0 |a rus 
102 |a RU 
105 |a a z 001zy 
200 1 |a Философия Шотландской школы  |f А. Ф. Грязнов 
210 |a Москва  |c Изд-во МГУ  |d 1979 
215 |a 127 с.  |c ил. 
320 |a Библиогр.: с. 123-124 
606 1 |a Шотландская школа  |x (философия)  |2 stltpush  |3 (RuTPU)RU\TPU\subj\19402  |9 44646 
610 1 |a Шотландия 
610 1 |a английская философия 
610 1 |a история 
610 1 |a 18 век 
610 1 |a философы 
610 1 |a здравый смысл 
610 1 |a гносеологические основания 
610 1 |a чувственное познание 
686 |a Ю3(4Вл)5  |v LBC/SL-A  |2 rubbk 
700 1 |a Грязнов  |b А. Ф.  |g Александр Феодосиевич 
801 1 |a RU  |b 63413507  |c 20220121 
942 |c BK